000 00492nam a2200157 i 4500
001 52178
003 ES-MaACL
005 20230906162534.0
007 t|
008 030826s1968 sp ||||1| spa d
100 1 _aChristie, Anna.
_938659
245 1 0 _aPerlas preciosas
_b: . Tomo III: (La vida de Jesús) : Manual para los instructores /
_cAnna Christie.
260 _aBarcelona :
_bAlturas,
_c[1968]
300 _a106 p., 3 lám., 1 map. ;
_c22 cm.
852 _aES-MaACL
_jC-46797
_bR.72630
999 _c52178
_d52178